An annotated bibliography of the pike, Esox lucius Osteichthyes: Salmoniformes

Uloženo v:
Podrobná bibliografie
Hlavní autoři: Crossman, E. J (Autor), Casselman, J. M (Autor)
Médium: Kniha
Jazyk:angličtina
Vydáno: Toronto ROM 1987
Témata:
Tagy: Přidat tag
Žádné tagy, Buďte první, kdo vytvoří štítek k tomuto záznamu!

MARC

LEADER 00000nam a2200000 a 4500
001 UCV3871
003 CL-VaPUC
008 881219e19870000CN |||||||||||||||||eng|d
082 0 4 |a 016.597  |b CRO  |2 21 
100 0 |a Crossman, E. J  |e author  |9 298279 
700 0 |a Casselman, J. M  |e author  |9 298280 
245 1 3 |a An annotated bibliography of the pike, Esox lucius Osteichthyes: Salmoniformes 
300 |a 386 p 
942 |c BK 
945 |d 19881219 00:00:00 
260 |a Toronto  |b ROM  |c 1987 
650 7 |a OSTEICTIOS  |2 CL-VaPUC  |9 260017 
650 0 |a Bibliografías   |9 257071 
650 7 |a MESICTIOS  |2 CL-VaPUC  |9 260018 
583 |a last modification  |c 19881219 00:00:00  |k Rodrigo Vera 
999 |c 210987  |d 210985